| 000 | 01576nam a2200301 a 4500 | ||
|---|---|---|---|
| 001 | ebr10604218 | ||
| 003 | CaPaEBR | ||
| 006 | m u | ||
| 007 | cr cn||||||||| | ||
| 008 | 120924s2012 sz a sb 101 0 eng d | ||
| 020 | _z9783037853795 | ||
| 020 | _z9783038136927 (e-book) | ||
| 040 |
_aCaPaEBR _cCaPaEBR |
||
| 035 | _a(OCoLC)798093309 | ||
| 050 | 1 | 4 |
_aTT317 _b.I58 2011eb |
| 111 | 2 |
_aInternational Conference on Electrophoretic Deposition: Fundamentals and Applications _n(4th : _dOct. 2-7, 2011 : _cPuerto Vallarta, Mexico) |
|
| 245 | 1 | 0 |
_aElectrophoretic deposition _h[electronic resource] : _bfundamentals and applications IV : selected, peer reviewed papers from the 4th International Conference on Electrophoretic Deposition: Fundamentals and Applications, October 2-7, 2011, Puerto Vallarta, Mexico / _cedited by A.R. Boccaccini ... [et al.]. |
| 260 |
_aDurnten-Zurich, Switzerland : _bTrans Tech Publications, _c2012. |
||
| 300 |
_aa-b, 243 p. : _bill. (some col.). |
||
| 440 | 0 |
_aKey engineering materials, _x1662-9809 ; _vv. 507 |
|
| 504 | _aIncludes bibliographical references and indexes. | ||
| 533 |
_aElectronic reproduction. _bPalo Alto, Calif. : _cebrary, _d2011. _nAvailable via World Wide Web. _nAccess may be limited to ebrary affiliated libraries. |
||
| 650 | 0 |
_aElectrophoretic deposition _vCongresses. |
|
| 655 | 7 |
_aElectronic books. _2local |
|
| 700 | 1 | _aBoccaccini, A. R. | |
| 710 | 2 | _aebrary, Inc. | |
| 856 | 4 | 0 |
_uhttp://site.ebrary.com/lib/rucke/Doc?id=10604218 _zAn electronic book accessible through the World Wide Web; click to view |
| 999 |
_c195827 _d195827 |
||